000 003260000a22001450004500
005 20120302065407.0
942 _cBOOK
100 _a Shree Jaydatta, Mahasamanta
245 _a Ashva Vaidyakam
260 _a1893
300 _a12p; 191p
040 _aSan
365 _b20/-
650 _aA Treatise on the Veterinary Science
999 _c364673
_d364670